00000000nam 2200000za 4500
0019.608865
003CaOODSP
00520210615100755
007ta
008150406|1993||||xxc|||||     f|0| 0 eng d
020 |a0-660-15173-1
040 |aCaOODSP|beng
043 |an-cn---
0861 |aZ1-1991/1-11-4E
1101 |aCanada.|bRoyal Commissions. |bRoyal Commission on Aboriginal Peoples.
24514|aThe path to healing : |breport of the National Round Table on Aboriginal Health and Social Issues / |cby Louis T. Montour, Chairman.
260 |aOttawa - Ontario : |bRoyal Commissions. |c1993.
300 |a361p. : |bgraphs, references, tables ; |c25 cm.
4901 |a[National round table reports and proceedings]
500 |a"This paper was commissioned by the Royal Commission on Aboriginal Peoples to provide a summary of the proceedings of the National Round Table on Aboriginal Health and Social Issues, held in Vancouver March 10-12, 1993."--Page 5. Contents: Introduction.--Report from the Round Table rapporteur.--Discussion papers.--Four community social initiatives.--Four community health initiatives.--Keynote speakers.--Daily summaries of proceedings.--Appendices: Round Table program; Round Table participants and observers.
5203 |aProvides an overview of Aboriginal health issues and features dialogue on community healing, family violence, youth suicide, addiction, fetal alcohol syndrome, AIDS and disabilities. Also examines the impact of transferring responsibility for Aboriginal health services from the federal government to other governments and highlights a number of successful community health and social initiatives.
563 |aSoftcover
590 |a93-29|b1993-07-23
69007|aIndigenous peoples|2gcpds
69007|aHealth|2gcpds
69007|aSocial conditions|2gcpds
7201 |aMontour, Louis T.
77508|tSur la chemin de la guérison : |w(CaOODSP)9.620890
7760#|tThe path to healing |w(CaOODSP)9.830080
830#0|a[National round table reports and proceedings]|w(CaOODSP)9.514942